000 00381nam a22001577a 4500
003 MPLRDC
005 20220104160003.0
008 210129b ||||| |||| 00| 0 eng d
082 _a782.29 HO
100 _a海鸥出版公司编
245 _a中国古代人物
_c
260 _a
_b海鸥出版公司
_c1976
300 _b
650 _a中国传记
942 _cBK
_o782.29 HO
999 _c54763
_d54753